| 000 | 00456nam a22001337a 4500 | ||
|---|---|---|---|
| 999 |
_c66654 _d66651 |
||
| 082 | _aR/IMS-20 | ||
| 100 |
_aMuhammad Suleman _a16-MS(M)05 |
||
| 245 | _aRecycling Eigenvectors to Deflate Generalized Minimal Residual Methods for Solving Linear System with Multiple Right Hand Sides | ||
| 260 |
_aNawabshah _bQUEST _c2019 |
||
| 300 | _a47 | ||
| 700 | _aDepartment of Mathematical and Statistics | ||
| 856 | _uhttps://tinyurl.com/bdxrv8mw | ||
| 942 | _cTHESIS | ||